Vainqueur de la première ligue. - Statistiques

Statistiques générales
  • Ce quiz a été pris 4 226 fois
  • Le résultat moyen est 10 sur 24
Statistiques - réponses
Nombre de titre Club % Correct
6- (7titres) MANCHESTER CITY
99%
1- (20 titres) MANCHESTER UNITED
99%
2- (19 titres) LIVERPOOL
97%
3- (13 titres) ARSENAL
93%
8- (6 titres) CHELSEA
93%
5- (7 titres) ASTON VILLA
70%
24- (1titre) LEICESTER
69%
17- (2 titres) TOTTENHAM
64%
4- (9 tires) EVERTON
55%
10- (4 titres) NEWCASTLE
54%
23- (1 titre) NOTTINGHAM FOREST
49%
22- (1 titre) SHEFFIELD UNITED
46%
14- (3 titres) LEEDS
41%
19- (2 titres) BURNLEY
25%
7- (6 titres) SUNDERLAND
21%
12- (3 titres) WOLVERHAMPTON
18%
13- (3 titres) BLACKBURN
16%
15- (2 titres) DERBY COUNTY
7%
18- (2 titres) PORTSMOUTH
4%
9- (4 titres) SHEFFIELD WEDNESDAY
4%
20- (1 titre) IPSWICH TOWN
3%
21- (1 titre) WEST BROMWICH ALBION
2%
11- (3 titres) HUDDERSFIELD TOWN
1%
16- (2 titres) PRESTON NORTH END
1%
Aucun quiz correspondant
Distribution des résultats
% des personnes avec chaque résultat
Percentile par nombre de réponses
Votre historique - résultats
Vous n’avez pas pris ce quiz